Joji - Piss In the Wind - Album Tracklist - Statistics

General Stats
  • This quiz has been taken 43 times
  • The average score is 12 of 21
Answer Stats
Track # Track % Correct
1. Pixelated Kisses
89%
2. Cigarette
81%
4. Love You Less
74%
11. Past Won't Leave My Bed
74%
21. Dior
67%
14. Sojourn
67%
8. Hotel California
63%
3. Last of a Dying Breed
63%
7. Piece of You
63%
13. Can't See Shit in the Club
59%
15. DYKILY
59%
19. Horses to Water
59%
16. Rose Colored
59%
18. Fragments
52%
5. If It Only Gets Better
52%
17. Silhouette Man
48%
10. Forehead Touch the Ground
44%
9. Tarmac
44%
12. Fade to Black
41%
6. Love Me Better
37%
20. Strange Home
37%
No matching quizzes found
Score Distribution
Percent of People with Each Score
Percentile by Number Answered
Your Score History
You have not taken this quiz